Rusia, mi padre y yo / (Record no. 58536)

MARC details
000 -LEADER
campo de control de longitud fija 00573nam a2200193 i 4500
001 - NÚMERO DE CONTROL
campo de control 58536
003 - IDENTIFICADOR DE NÚMERO DE CONTROL
campo de control ES-MaACL
005 - FECHA Y HORA DE LA ÚLTIMA TRANSACCIÓN
campo de control 20230906163830.0
007 - CAMPO FIJO DE DESCRIPCIÓN FÍSICA--INFORMACIÓN GENERAL
campo de control de longitud fija t|
008 - DATOS DE LONGITUD FIJA--INFORMACIÓN GENERAL
campo de control de longitud fija 031022s1976 sp ||||1| spa d
100 1# - ENTRADA PRINCIPAL--NOMBRE DE PERSONA
Nombre de persona Stalin, Svetlana Alliluyeva.
9 (RLIN) 107864
245 10 - MENCIÓN DEL TÍTULO
Título Rusia, mi padre y yo /
Mención de responsabilidad, etc. Svetlana Dyugachvili, Svetlana Stalin ; [traducción Augusto Vidal].
250 ## - MENCION DE EDICION
Mención de edición [1ª ed.].
260 ## - PUBLICACIÓN, DISTRIBUCIÓN, ETC.
Lugar de publicación, distribución, etc. Barcelona :
Nombre del editor, distribuidor, etc. Planeta,
Fecha de publicación, distribución, etc. [1976]
300 ## - DESCRIPCIÓN FÍSICA
Extensión 326 p. ;
Dimensiones 22 cm.
700 1# - ENTRADA AGREGADA--NOMBRE PERSONAL
Nombre de persona Vidal, Augusto.
9 (RLIN) 185480
852 ## - LOCALIZACIÓN
Ubicación ES-MaACL
Número de control de estantería C-33454
Sublocalización o colección R.63804
Holdings
Estatus retirado Estado de pérdida Estado de daño No para préstamo Biblioteca de origen Biblioteca actual Ubicación en estantería Fecha de adquisición Fuente de adquisición Total de préstamos Signatura topográfica completa Código de barras Visto por última vez Precio de reemplazo Tipo de ítem Koha
        Biblioteca del Ateneo de Madrid Biblioteca del Ateneo de Madrid Depósito 2 17/01/2008     C-33454 1061417 23/02/2023 23/02/2023 Libro impreso